[Event "7MCR_4D_1L_4S"]
[Site "?"]
[Date "2006.??.??"]
[Round "?"]
[White "Schwarz, Jan"]
[Black "Sedlacek, Tomas"]
[Result "1-0"]
[WhiteElo "2289"]
[BlackElo "2189"]
[PlyCount "71"]
[EventDate "2006.??.??"]
[EventType "corr"]

1. e4 c6 2. d4 d5 3. e5 Bf5 4. Nf3 e6 5. Be2 Nd7 6. O-O Bg6 7. b3 Nh6 8. c4 Nf5
9. Nc3 Bb4 10. Bb2 O-O 11. Bd3 Nh4 12. Nxh4 Qxh4 13. Ne2 Rad8 14. f4 Be7 15.
Bxg6 fxg6 16. Rf3 Qg4 17. Qd2 dxc4 18. bxc4 g5 19. Raf1 gxf4 20. Qa5 Nb6 21.
Bc1 Rd7 22. Nxf4 Rxd4 23. h3 Qh4 24. g3 Rdxf4 25. gxh4 Rxf3 26. Rxf3 Rxf3 27.
Qxa7 Bc5+ 28. Kg2 Rf2+ 29. Kg3 Rf7 30. Qb8+ Bf8 31. Ba3 Nd7 32. Qe8 Nxe5 33.
Bxf8 Rf3+ 34. Kg2 Rxf8 35. Qxe6+ Nf7 36. Qe7 1-0

[Event "7MCR_4D_1L_4S"]
[Site "?"]
[Date "2006.??.??"]
[Round "?"]
[White "Schwarz, Jan"]
[Black "Soudny, Jiri"]
[Result "0-1"]
[WhiteElo "2289"]
[BlackElo "2355"]
[PlyCount "115"]
[EventDate "2006.??.??"]
[EventType "corr"]

1. c4 c6 2. d4 d5 3. Nf3 Nf6 4. Nc3 e6 5. e3 Nbd7 6. Bd3 dxc4 7. Bxc4 b5 8. Bd3
Bb7 9. O-O a6 10. e4 c5 11. d5 Qc7 12. dxe6 fxe6 13. Bc2 Bd6 14. Ng5 Nf8 15. f4
O-O-O 16. Qe2 h6 17. Nf3 Bxf4 18. e5 Bxf3 19. Rxf3 Bxe5 20. a4 Ng4 21. g3 b4
22. Qxa6+ Qb7 23. Qxb7+ Kxb7 24. Nb5 Ka6 25. Bd3 Ka5 26. Be2 Nf6 27. Na7 Rd6
28. Nb5 Rc6 29. Rb1 Ng6 30. Be3 c4 31. Na7 Rc7 32. Nb5 Rcc8 33. Na7 Nd5 34.
Nxc8 Rxc8 35. Kg2 Bxb2 36. Rxb2 Ne5 37. Bc1 Nxf3 38. Bxf3 c3 39. Rb1 c2 40. Rb2
Kxa4 41. Ra2+ Kb3 42. Ra6 Rc5 43. Rxe6 Nc3 44. Be3 Ka2 45. Ra6+ Kb2 46. h4 Rc7
47. h5 b3 48. Rb6 Nd1 49. Bd2 Rd7 50. Bf4 Rd4 51. Be5 Ne3+ 52. Kh2 Nf5 53. Be4
c1=Q 54. Bxf5 Qe3 55. Bxg7 Qf2+ 56. Kh1 Kc1 57. Bxd4 Qxd4 58. Rxb3 0-1

[Event "7MCR_4D_1L_4S"]
[Site "?"]
[Date "2006.??.??"]
[Round "?"]
[White "Schwarz, Jan"]
[Black "Steinhauser, Antonin"]
[Result "1-0"]
[WhiteElo "2289"]
[BlackElo "2000"]
[PlyCount "64"]
[EventDate "2006.??.??"]
[EventType "corr"]

1. e4 e5 2. Nf3 Nf6 3. Nxe5 d6 4. Nf3 Nxe4 5. Nc3 Nxc3 6. dxc3 Nc6 7. Bf4 Bg4
8. h3 Qf6 9. hxg4 Qe6+ 10. Qe2 Qxe2+ 11. Bxe2 O-O-O 12. Ng5 Rd7 13. Rxh7 Rxh7
14. Nxh7 Be7 15. O-O-O f6 16. g5 Rd8 17. gxf6 gxf6 18. Bg4+ Kb8 19. Bg3 Rh8 20.
Bf5 Rg8 21. Bh4 Rg7 22. g4 Rf7 23. f4 a6 24. Re1 b5 25. Re6 Nd8 26. Rxe7 Rxe7
27. Bxf6 Re1+ 28. Kd2 Rf1 29. Bxd8 Rxf4 30. Ke2 b4 31. cxb4 a5 32. bxa5 Ra4 1-0

[Event "7MCR_4D_1L_4S"]
[Site "?"]
[Date "2006.??.??"]
[Round "?"]
[White "Schwarz, Jan"]
[Black "Stika, Vaclav"]
[Result "1-0"]
[WhiteElo "2289"]
[BlackElo "2142"]
[PlyCount "75"]
[EventDate "2006.??.??"]
[EventType "corr"]

1. e4 e5 2. Nf3 Nc6 3. Bb5 a6 4. Ba4 Nf6 5. O-O Be7 6. Re1 b5 7. Bb3 d6 8. c3
O-O 9. h3 Na5 10. Bc2 c5 11. d4 Qc7 12. Nbd2 cxd4 13. cxd4 Bb7 14. d5 Rac8 15.
Bd3 Nd7 16. Nf1 f5 17. Ng3 f4 18. Nf5 Bd8 19. b3 g6 20. Nh6+ Kg7 21. Ng4 h5 22.
Ngh2 Qb6 23. Bb2 Bf6 24. h4 Kg8 25. Ng5 Nc5 26. Bc2 Bxg5 27. hxg5 Nd7 28. Nf3
Rc7 29. Qd2 Rfc8 30. Rec1 b4 31. Rab1 Nc5 32. Nxe5 dxe5 33. Bxe5 Re7 34. Bf6
Nxe4 35. Bxe4 Rxe4 36. d6 Rd8 37. Bxd8 Qxd8 38. Rc7 1-0

[Event "7MCR_4D_1L_4S"]
[Site "?"]
[Date "2006.??.??"]
[Round "?"]
[White "Schwarz, Jan"]
[Black "Vokoun, Jan"]
[Result "1/2-1/2"]
[WhiteElo "2289"]
[BlackElo "2400"]
[PlyCount "89"]
[EventDate "2006.??.??"]
[EventType "corr"]

1. d4 d5 2. c4 e6 3. Nf3 Nf6 4. Nc3 Bb4 5. Bg5 h6 6. Bxf6 Qxf6 7. Qb3 c5 8.
cxd5 exd5 9. e3 O-O 10. dxc5 Bxc3+ 11. Qxc3 Qxc3+ 12. bxc3 Be6 13. Nd4 Rc8 14.
c4 Rxc5 15. Nxe6 fxe6 16. cxd5 exd5 17. Rb1 b6 18. Bd3 Kf7 19. Ke2 Nd7 20. Rb4
Ne5 21. Bb1 Nc4 22. h4 a5 23. Rb3 b5 24. Rd3 Nb2 25. Rd4 Na4 26. Kd2 b4 27. a3
Nb6 28. axb4 Nc4+ 29. Ke2 axb4 30. Rhd1 Ke6 31. Rg4 Ra7 32. e4 dxe4 33. Rxe4+
Re5 34. Rdd4 Rxe4+ 35. Bxe4 Nd6 36. Rxb4 Nxe4 37. Rxe4+ Kf5 38. f3 Ra2+ 39. Kf1
h5 40. g3 g6 41. Re2 Ra3 42. Kg2 Rb3 43. Re8 Kf6 44. Rf8+ Kg7 45. Rd8 1/2-1/2

[Event "7MCR_4D_1L_4S"]
[Site "?"]
[Date "2006.??.??"]
[Round "?"]
[White "Sedlacek, Tomas"]
[Black "Binas, Jindrich"]
[Result "1-0"]
[WhiteElo "2189"]
[BlackElo "2079"]
[PlyCount "37"]
[EventDate "2006.??.??"]
[EventType "corr"]

1. d4 Nf6 2. Nf3 d5 3. g3 e6 4. Bg2 Be7 5. c4 O-O 6. O-O c6 7. Qc2 b6 8. Rd1
Ba6 9. Ne5 Nfd7 10. cxd5 cxd5 11. e4 Nxe5 12. exd5 Nf3+ 13. Bxf3 Bb7 14. Nc3
Na6 15. Qe2 exd5 16. Bxd5 Bxd5 17. Nxd5 Qxd5 18. Qxe7 Rfe8 19. Qg5 1-0

[Event "7MCR_4D_1L_4S"]
[Site "?"]
[Date "2006.??.??"]
[Round "?"]
[White "Sedlacek, Tomas"]
[Black "Kuchta, Jiri"]
[Result "1/2-1/2"]
[WhiteElo "2189"]
[BlackElo "2252"]
[PlyCount "35"]
[EventDate "2006.??.??"]
[EventType "corr"]

1. d4 d5 2. Nf3 Nf6 3. g3 e6 4. Bg2 c5 5. c4 dxc4 6. O-O Nc6 7. Ne5 Bd7 8. Na3
cxd4 9. Naxc4 Rc8 10. Bf4 b5 11. Nxc6 Bxc6 12. Bxc6+ Rxc6 13. Ne5 Rc5 14. Rc1
Rd5 15. Qc2 Nd7 16. Nxd7 Rxd7 17. Qc6 Be7 18. Rfd1 1/2-1/2

[Event "7MCR_4D_1L_4S"]
[Site "?"]
[Date "2006.??.??"]
[Round "?"]
[White "Sedlacek, Tomas"]
[Black "Nosek, Jaroslav"]
[Result "1/2-1/2"]
[WhiteElo "2189"]
[BlackElo "2252"]
[PlyCount "29"]
[EventDate "2006.??.??"]
[EventType "corr"]

1. d4 Nf6 2. Nf3 e6 3. g3 b5 4. Bg2 Bb7 5. O-O c5 6. Na3 a6 7. c4 cxd4 8. cxb5
Bxa3 9. bxa6 Bxf3 10. Bxf3 Rxa6 11. bxa3 Nc6 12. Qd3 Qa8 13. Bxc6 Rxc6 14. Qxd4
O-O 15. Qd3 1/2-1/2

[Event "7MCR_4D_1L_4S"]
[Site "?"]
[Date "2006.??.??"]
[Round "?"]
[White "Sedlacek, Tomas"]
[Black "Soudny, Jiri"]
[Result "1/2-1/2"]
[WhiteElo "2189"]
[BlackElo "2355"]
[PlyCount "33"]
[EventDate "2006.??.??"]
[EventType "corr"]

1. d4 e6 2. Nf3 Nf6 3. g3 b6 4. Bg2 Bb7 5. O-O Be7 6. c4 O-O 7. Nc3 Ne4 8. Bd2
f5 9. Qc2 Bf6 10. Rad1 Na6 11. Ne5 Nxc3 12. Bxc3 Bxg2 13. Kxg2 d6 14. Nc6 Qe8
15. d5 Bxc3 16. Qxc3 e5 17. e3 1/2-1/2

[Event "7MCR_4D_1L_4S"]
[Site "?"]
[Date "2006.??.??"]
[Round "?"]
[White "Sedlacek, Tomas"]
[Black "Steinhauser, Antonin"]
[Result "1/2-1/2"]
[WhiteElo "2189"]
[BlackElo "2000"]
[PlyCount "101"]
[EventDate "2006.??.??"]
[EventType "corr"]

1. d4 Nf6 2. Nf3 g6 3. g3 Bg7 4. Bg2 O-O 5. c4 d6 6. O-O Be6 7. Ng5 Bxc4 8.
Bxb7 Nbd7 9. Bxa8 Qxa8 10. b3 Ba6 11. Nc3 e5 12. Be3 Ng4 13. d5 h6 14. Nf3 e4
15. Nd4 Nb6 16. Rc1 Nxd5 17. Nxd5 Qxd5 18. Rxc7 Qh5 19. h4 Be5 20. Kg2 g5 21.
Qd2 Nxe3+ 22. Qxe3 Bxd4 23. Qxd4 Bxe2 24. Qxe4 Bxf1+ 25. Kxf1 Qd1+ 26. Kg2 gxh4
27. Qxh4 Qd5+ 28. Kh2 Qf3 29. Qd4 Re8 30. Rc3 Qf5 31. Kg2 Qd7 32. Rd3 Re2 33.
a3 Qf5 34. g4 Qc5 35. Qxc5 dxc5 36. Rc3 Re5 37. f4 Rd5 38. Kf3 Kg7 39. Ke4 Rd4+
40. Ke5 f6+ 41. Kf5 Rd5+ 42. Ke4 Rd4+ 43. Ke3 Rd5 44. Rc4 f5 45. gxf5 Kf6 46.
Ra4 Rd7 47. Ra6+ Kxf5 48. Rc6 Rb7 49. Rxc5+ Kg4 50. b4 Re7+ 51. Re5 1/2-1/2

[Event "7MCR_4D_1L_4S"]
[Site "?"]
[Date "2006.??.??"]
[Round "?"]
[White "Sedlacek, Tomas"]
[Black "Stika, Vaclav"]
[Result "1/2-1/2"]
[WhiteElo "2189"]
[BlackElo "2142"]
[PlyCount "59"]
[EventDate "2006.??.??"]
[EventType "corr"]

1. d4 d5 2. Nf3 Nf6 3. g3 g6 4. Bg2 Bg7 5. O-O O-O 6. c4 c6 7. Nbd2 a5 8. b3 a4
9. Ba3 Re8 10. e3 Bf5 11. Ne5 Qc8 12. bxa4 Qe6 13. Qb3 Nbd7 14. f4 Bh3 15. cxd5
cxd5 16. Bxh3 Qxh3 17. Ndf3 h6 18. Rac1 Qe6 19. Rc7 Nb6 20. f5 gxf5 21. Nh4 Nc4
22. Nxf5 Nd2 23. Qd3 Nxf1 24. Nxe7+ Rxe7 25. Rxe7 Qh3 26. Qxf1 Qxf1+ 27. Kxf1
Rxa4 28. Bc5 Rxa2 29. Nxf7 b6 30. Bxb6 1/2-1/2

[Event "7MCR_4D_1L_4S"]
[Site "?"]
[Date "2006.??.??"]
[Round "?"]
[White "Sedlacek, Tomas"]
[Black "Sykora, Josef"]
[Result "1/2-1/2"]
[WhiteElo "2189"]
[BlackElo "2389"]
[PlyCount "48"]
[EventDate "2006.??.??"]
[EventType "corr"]

1. d4 d5 2. Nf3 c6 3. g3 Nf6 4. Bg2 Bf5 5. O-O e6 6. c4 Be7 7. Nc3 h6 8. Bf4
Nbd7 9. h3 dxc4 10. Nd2 Nd5 11. e4 Nxf4 12. exf5 Nxg2 13. fxe6 Nb6 14. exf7+
Kxf7 15. Nf3 Bf6 16. Kxg2 Re8 17. Qc2 Kg8 18. Rad1 Nd5 19. b3 cxb3 20. Qxb3 b6
21. Rfe1 Qd6 22. Ne4 Qd7 23. Nxf6+ gxf6 24. Qc2 Kh8 1/2-1/2

[Event "7MCR_4D_1L_4S"]
[Site "?"]
[Date "2006.??.??"]
[Round "?"]
[White "Soudny, Jiri"]
[Black "Binas, Jindrich"]
[Result "1-0"]
[WhiteElo "2355"]
[BlackElo "2079"]
[PlyCount "37"]
[EventDate "2006.??.??"]
[EventType "corr"]

1. d4 Nf6 2. c4 c5 3. d5 b5 4. cxb5 a6 5. bxa6 Bxa6 6. Nc3 g6 7. Nf3 d6 8. g3
Bg7 9. Bg2 Nbd7 10. Rb1 O-O 11. O-O Qb6 12. Qc2 Bc4 13. Nd2 Ba6 14. h3 Rfb8 15.
b3 Ne5 16. f4 Ned7 17. Kh2 Ne8 18. Bb2 Nef6 19. Rfe1 1-0

[Event "7MCR_4D_1L_4S"]
[Site "?"]
[Date "2006.??.??"]
[Round "?"]
[White "Soudny, Jiri"]
[Black "Chvojka, Jaroslav"]
[Result "1/2-1/2"]
[WhiteElo "2355"]
[BlackElo "2261"]
[PlyCount "87"]
[EventDate "2006.??.??"]
[EventType "corr"]

1. d4 Nf6 2. c4 e6 3. g3 d5 4. Bg2 Bb4+ 5. Bd2 Bd6 6. Nf3 O-O 7. O-O c6 8. Bg5
h6 9. Bxf6 Qxf6 10. Nbd2 Nd7 11. e4 Be7 12. Re1 dxe4 13. Nxe4 Qf5 14. Qe2 Rd8
15. Rad1 Bb4 16. Nc3 Qa5 17. Rd3 Bf8 18. a3 Rb8 19. Rdd1 Qc7 20. Rc1 a6 21.
Red1 a5 22. c5 b6 23. Ne5 Nxe5 24. Qxe5 Qxe5 25. dxe5 Rxd1+ 26. Rxd1 Ba6 27.
cxb6 c5 28. Rc1 Rxb6 29. Na4 Rb8 30. Nxc5 Bxc5 31. Rxc5 Rxb2 32. h4 Rb1+ 33.
Kh2 Rb5 34. Rxb5 Bxb5 35. f4 Kf8 36. Kg1 Ke7 37. Kf2 Kd7 38. Ke3 Kc7 39. Bf3
Kb6 40. Kd4 Ba4 41. Be2 Bc2 42. h5 Bb3 43. g4 Kc6 44. Bf3+ 1/2-1/2

[Event "7MCR_4D_1L_4S"]
[Site "?"]
[Date "2006.??.??"]
[Round "?"]
[White "Soudny, Jiri"]
[Black "Kuchta, Jiri"]
[Result "1-0"]
[WhiteElo "2355"]
[BlackElo "2252"]
[PlyCount "59"]
[EventDate "2006.??.??"]
[EventType "corr"]

1. d4 d5 2. c4 dxc4 3. e4 b5 4. a4 c6 5. Nc3 Bd7 6. Nf3 e6 7. Be2 Nf6 8. O-O
Be7 9. axb5 cxb5 10. b3 b4 11. e5 Ng4 12. Na4 c3 13. d5 Bxa4 14. Rxa4 Qxd5 15.
h3 Qxd1 16. Rxd1 Nh6 17. Bb5+ Kf8 18. Rxb4 Na6 19. Rc4 Nb4 20. Rd7 a6 21. Ba4
Ng8 22. Nd4 g5 23. Rxc3 h5 24. Rf3 Kg7 25. Bxg5 Nd5 26. Bc6 Rd8 27. Rxd8 Bxd8
28. Bxd8 Nge7 29. Bxd5 Nxd5 30. Bf6+ 1-0

[Event "7MCR_4D_1L_4S"]
[Site "?"]
[Date "2006.??.??"]
[Round "?"]
[White "Soudny, Jiri"]
[Black "Nosek, Jaroslav"]
[Result "1-0"]
[WhiteElo "2355"]
[BlackElo "2252"]
[PlyCount "69"]
[EventDate "2006.??.??"]
[EventType "corr"]

1. d4 Nf6 2. c4 e6 3. Nf3 b6 4. g3 Bb7 5. Bg2 Be7 6. O-O O-O 7. Nc3 Ne4 8. Bd2
Bf6 9. Rc1 c5 10. d5 exd5 11. cxd5 Nxd2 12. Nxd2 d6 13. Nde4 Be5 14. f4 Bd4+
15. Kh1 Ba6 16. Rf3 Re8 17. g4 Qe7 18. g5 Nd7 19. Ng3 g6 20. Qa4 Bb7 21. Bh3
Nf8 22. Rd1 Bh8 23. Qb3 Qc7 24. f5 a6 25. Qc4 b5 26. Qh4 Re5 27. Nge4 Qd8 28.
Nf6+ Bxf6 29. gxf6 h5 30. e4 b4 31. Ne2 Qe8 32. Ng3 b3 33. axb3 Ra7 34. Nxh5
Rxe4 35. Nf4 1-0

[Event "7MCR_4D_1L_4S"]
[Site "?"]
[Date "2006.??.??"]
[Round "?"]
[White "Soudny, Jiri"]
[Black "Steinhauser, Antonin"]
[Result "1-0"]
[WhiteElo "2355"]
[BlackElo "2000"]
[PlyCount "87"]
[EventDate "2006.??.??"]
[EventType "corr"]

1. d4 Nf6 2. c4 c5 3. d5 e6 4. Nc3 exd5 5. cxd5 d6 6. e4 g6 7. f4 Bg7 8. Bb5+
Nfd7 9. a4 O-O 10. Nf3 Na6 11. O-O Nc7 12. Bd3 a6 13. Be3 Rb8 14. Bf2 b5 15.
axb5 Nxb5 16. Qd2 Re8 17. Rfe1 Qc7 18. Bxb5 axb5 19. e5 dxe5 20. fxe5 Nxe5 21.
Nxe5 Rxe5 22. Bg3 c4 23. Rxe5 Bxe5 24. Bxe5 Qxe5 25. Re1 Qd6 26. Re8+ Kg7 27.
Qd4+ f6 28. Ne4 Qf4 29. g3 Qc1+ 30. Kf2 Qc2+ 31. Ke3 Qc1+ 32. Qd2 Qh1 33. d6
Bf5 34. Re7+ Kh6 35. Nf2 Qc6 36. g4 Bd3 37. g5+ Kxg5 38. h4+ Kf5 39. Nxd3 cxd3
40. Qxd3+ Kg4 41. Kf2 Qb6+ 42. Kg2 Qc6+ 43. Kh2 Qc1 44. Qe2+ 1-0

[Event "7MCR_4D_1L_4S"]
[Site "?"]
[Date "2006.??.??"]
[Round "?"]
[White "Soudny, Jiri"]
[Black "Stika, Vaclav"]
[Result "1-0"]
[WhiteElo "2355"]
[BlackElo "2142"]
[PlyCount "97"]
[EventDate "2006.??.??"]
[EventType "corr"]

1. d4 d5 2. c4 c6 3. Nf3 Nf6 4. Nc3 e6 5. e3 Nbd7 6. Bd3 dxc4 7. Bxc4 b5 8. Bd3
a6 9. e4 c5 10. d5 c4 11. dxe6 fxe6 12. Bc2 Qc7 13. O-O Bb7 14. Qe2 Bd6 15. Nd4
Bxh2+ 16. Kh1 Nc5 17. f4 e5 18. Ndxb5 axb5 19. Kxh2 Bc6 20. Be3 Ne6 21. Nd5
Bxd5 22. exd5 Nxd5 23. Qh5+ g6 24. Bxg6+ Ke7 25. Bf5 Nxe3 26. Bxe6 Nxf1+ 27.
Rxf1 Kxe6 28. Re1 Kd7 29. Qf5+ Kc6 30. Rxe5 Kb7 31. Rxb5+ Ka6 32. Rc5 Qb6 33.
Rxc4 Qh6+ 34. Kg1 Qb6+ 35. Kf1 Rae8 36. Ra4+ Kb7 37. Qd5+ Kc7 38. Qc4+ Kd7 39.
Rb4 Re1+ 40. Kxe1 Qg1+ 41. Kd2 Qxg2+ 42. Qe2 Qd5+ 43. Qd3 Qxd3+ 44. Kxd3 h5 45.
Ke4 h4 46. Rd4+ Ke6 47. Rd2 Ra8 48. a3 Rh8 49. b4 1-0

[Event "7MCR_4D_1L_4S"]
[Site "?"]
[Date "2006.??.??"]
[Round "?"]
[White "Soudny, Jiri"]
[Black "Sykora, Josef"]
[Result "1/2-1/2"]
[WhiteElo "2355"]
[BlackElo "2389"]
[PlyCount "48"]
[EventDate "2006.??.??"]
[EventType "corr"]

1. d4 d5 2. c4 c6 3. Nf3 e6 4. e3 Nf6 5. Nc3 Nbd7 6. Bd3 dxc4 7. Bxc4 b5 8. Bd3
Bb7 9. O-O a6 10. e4 c5 11. d5 Qc7 12. dxe6 fxe6 13. Bc2 c4 14. Qe2 Bd6 15. Nd4
Nc5 16. f4 e5 17. Ndxb5 axb5 18. Nxb5 Qb6 19. Nxd6+ Qxd6 20. fxe5 Qxe5 21. Rf5
Qe7 22. Qxc4 Ncd7 23. Bd2 Rc8 24. Qb3 Rxc2 1/2-1/2

[Event "7MCR_4D_1L_4S"]
[Site "?"]
[Date "2006.??.??"]
[Round "?"]
[White "Steinhauser, Antonin"]
[Black "Bares, Jiri"]
[Result "1/2-1/2"]
[WhiteElo "2000"]
[BlackElo "2211"]
[PlyCount "70"]
[EventDate "2006.??.??"]
[EventType "corr"]

1. e4 c5 2. Nf3 d6 3. d4 cxd4 4. Nxd4 Nf6 5. Nc3 a6 6. Bg5 e6 7. f4 Qb6 8. Qd2
Qxb2 9. Rb1 Qa3 10. f5 Nc6 11. fxe6 fxe6 12. Nxc6 bxc6 13. Be2 Be7 14. O-O O-O
15. Rb3 Qc5+ 16. Be3 Qe5 17. Bf4 Nxe4 18. Nxe4 Qxe4 19. Bxd6 Rxf1+ 20. Kxf1 Bf6
21. Bf3 Qa4 22. Be5 Qc4+ 23. Ke1 Bxe5 24. Qd8+ Kf7 25. Bh5+ g6 26. Rf3+ Bf4 27.
Qc7+ Ke8 28. Rxf4 Qc5 29. Qf7+ Kd8 30. Be2 Bd7 31. Qxh7 Kc7 32. Qxg6 e5 33. Rf3
Rb8 34. Rb3 Rxb3 35. axb3 Qg1+ 1/2-1/2

[Event "7MCR_4D_1L_4S"]
[Site "?"]
[Date "2006.??.??"]
[Round "?"]
[White "Steinhauser, Antonin"]
[Black "Binas, Jindrich"]
[Result "0-1"]
[WhiteElo "2000"]
[BlackElo "2079"]
[PlyCount "90"]
[EventDate "2006.??.??"]
[EventType "corr"]

1. e4 c5 2. Nf3 d6 3. d4 cxd4 4. Nxd4 Nf6 5. Nc3 g6 6. Be3 Bg7 7. f3 O-O 8. Bc4
Nc6 9. Qd2 Bd7 10. O-O-O Rc8 11. Bb3 Ne5 12. h4 h5 13. Bh6 Bxh6 14. Qxh6 Rxc3
15. bxc3 Qa5 16. Kb1 Rc8 17. g4 Nc4 18. Bxc4 Rxc4 19. gxh5 Qxc3 20. Rd3 Qa5 21.
Nb3 Qxh5 22. Qg5 Bb5 23. Qe3 b6 24. Nd2 Ra4 25. Ra3 Rxa3 26. Qxa3 Qh6 27. Qb4
Qf4 28. Qc3 Nh5 29. Nb3 Ng3 30. Re1 Ba6 31. Qe3 Qxh4 32. Kb2 Qh5 33. f4 Qh4 34.
f5 g5 35. Nd4 Qf4 36. e5 dxe5 37. Qxe5 Qxe5 38. Rxe5 Kf8 39. Re3 Nf1 40. Ra3
Bb7 41. Kc1 Bd5 42. Kd1 a5 43. Ke1 Nh2 44. Rb3 Bxb3 45. cxb3 Kg7 0-1

[Event "7MCR_4D_1L_4S"]
[Site "?"]
[Date "2006.??.??"]
[Round "?"]
[White "Steinhauser, Antonin"]
[Black "Chvojka, Jaroslav"]
[Result "1/2-1/2"]
[WhiteElo "2000"]
[BlackElo "2261"]
[PlyCount "49"]
[EventDate "2006.??.??"]
[EventType "corr"]

1. e4 e5 2. Nf3 Nc6 3. d4 exd4 4. Nxd4 Bc5 5. Nb3 Bb6 6. a4 a6 7. a5 Ba7 8. Nc3
d6 9. Bd3 Nf6 10. Bg5 h6 11. Bh4 g5 12. Bg3 Be6 13. Nd2 Qd7 14. Rb1 Kf8 15. b4
Kg7 16. O-O Nh5 17. Kh1 Ne5 18. Ne2 Kh7 19. Bxe5 dxe5 20. b5 axb5 21. Rxb5 c6
22. Rxe5 Rhf8 23. Qe1 f6 24. Rxe6 Qxe6 25. f4 1/2-1/2

[Event "7MCR_4D_1L_4S"]
[Site "?"]
[Date "2006.??.??"]
[Round "?"]
[White "Steinhauser, Antonin"]
[Black "Glaser, Karel"]
[Result "0-1"]
[WhiteElo "2000"]
[BlackElo "2159"]
[PlyCount "144"]
[EventDate "2006.??.??"]
[EventType "corr"]

1. e4 e5 2. Nf3 Nc6 3. d4 exd4 4. Nxd4 Bc5 5. Nb3 Bb6 6. a4 a5 7. Nc3 Qf6 8.
Qe2 Nge7 9. Be3 Nb4 10. O-O-O O-O 11. g3 Bxe3+ 12. Qxe3 d6 13. Bg2 Bg4 14. Rd2
Be6 15. Nb5 Rac8 16. h4 Nec6 17. N3d4 Nxd4 18. Nxd4 Bd7 19. Qg5 Qxg5 20. hxg5
Bxa4 21. f3 g6 22. Bh3 Ra8 23. Rdh2 h5 24. g4 h4 25. Bf1 Kg7 26. Rxh4 Rh8 27.
Rh6 d5 28. b3 Bd7 29. c3 Nc6 30. exd5 Nxd4 31. cxd4 Rhg8 32. Bd3 Kf8 33. Re1
Re8 34. Be4 Re7 35. Kd2 Kg7 36. Kd3 b6 37. Kc4 Bc8 38. Reh1 Ba6+ 39. Kc3 Bb5
40. Kd2 Kf8 41. b4 axb4 42. Rb1 Bc4 43. Rxb4 b5 44. Rb1 Rd7 45. Kc3 Ke7 46.
Rhh1 Rb8 47. Rhe1 Kd8 48. Kb4 Bxd5 49. Kc5 c6 50. Rb4 Kc7 51. Ra1 Rb7 52. Ra8
Rd6 53. Ra6 Kd7 54. Rb6 Rc7 55. Rb1 Re6 56. Re1 Ra7 57. Rb8 Bxe4 58. Rxe4 Ra3
59. Kb6 Rxf3 60. Rxe6 fxe6 61. Rg8 b4 62. Kc5 b3 63. Kc4 Kd6 64. Rb8 Kc7 65.
Rb4 Rg3 66. Ra4 e5 67. Ra1 exd4 68. Kxd4 Rxg4+ 69. Kc3 Rg3+ 70. Kc4 b2 71. Rb1
Rg2 72. Kc3 Kb6 0-1

[Event "7MCR_4D_1L_4S"]
[Site "?"]
[Date "2006.??.??"]
[Round "?"]
[White "Steinhauser, Antonin"]
[Black "Kosek, Lubomir"]
[Result "1-0"]
[WhiteElo "2000"]
[BlackElo "2043"]
[PlyCount "89"]
[EventDate "2006.??.??"]
[EventType "corr"]

1. e4 e5 2. Nf3 Nc6 3. d4 exd4 4. Nxd4 Nf6 5. Nxc6 bxc6 6. e5 Qe7 7. Qe2 Nd5 8.
c4 Nb6 9. Nd2 Bb7 10. b3 a5 11. a4 Qe6 12. Bb2 Bb4 13. O-O-O c5 14. Qe3 O-O-O
15. Bd3 Rhe8 16. Qf4 h6 17. f3 Kb8 18. Ne4 Nc8 19. Ng3 g5 20. Qf5 Ne7 21. Qxe6
dxe6 22. Kc2 Nf5 23. Nxf5 exf5 24. Bxf5 Bc8 25. Bxc8 Kxc8 26. g4 Re6 27. Rxd8+
Kxd8 28. h4 Ke7 29. hxg5 hxg5 30. Kd3 Rg6 31. Ke4 Ke6 32. Bc1 Bc3 33. Rh8 f6
34. exf6 Bxf6 35. Ra8 Kf7 36. Ra6 Rg8 37. Rxa5 Re8+ 38. Kd5 Re1 39. Ba3 Ke8 40.
Ra6 Rd1+ 41. Kc6 Bd4 42. Ra5 Rd3 43. Bxc5 Bxc5 44. Rxc5 Rxb3 45. Kxc7 1-0

[Event "7MCR_4D_1L_4S"]
[Site "?"]
[Date "2006.??.??"]
[Round "?"]
[White "Steinhauser, Antonin"]
[Black "Nosek, Jaroslav"]
[Result "0-1"]
[WhiteElo "2000"]
[BlackElo "2252"]
[PlyCount "80"]
[EventDate "2006.??.??"]
[EventType "corr"]

1. e4 e5 2. Nf3 Nc6 3. d4 exd4 4. Nxd4 Bc5 5. Nb3 Bb6 6. a4 a6 7. Nc3 Nf6 8.
Bg5 h6 9. Bh4 d6 10. Bd3 Be6 11. Nd5 Bxd5 12. exd5 Qe7+ 13. Be2 Ne5 14. a5 Ba7
15. O-O g5 16. Bg3 O-O-O 17. Nd4 h5 18. Bxa6 Bxd4 19. Bxb7+ Kxb7 20. Qxd4 h4
21. Qb4+ Ka7 22. Bxe5 Qxe5 23. Rfe1 Qf4 24. Qxf4 gxf4 25. c4 Rhg8 26. b4 h3 27.
g3 Rde8 28. b5 Ng4 29. Rxe8 Rxe8 30. f3 Ne5 31. gxf4 Rg8+ 32. Kf1 Nxc4 33. Ke2
Rg2+ 34. Kd3 Nb2+ 35. Ke3 Rxh2 36. Rc1 Kb8 37. f5 Rg2 38. Rh1 h2 39. f4 Nc4+
40. Kf3 Rb2 0-1

[Event "7MCR_4D_1L_4S"]
[Site "?"]
[Date "2006.??.??"]
[Round "?"]
[White "Steinhauser, Antonin"]
[Black "Sykora, Josef"]
[Result "1/2-1/2"]
[WhiteElo "2000"]
[BlackElo "2389"]
[PlyCount "75"]
[EventDate "2006.??.??"]
[EventType "corr"]

1. e4 c6 2. d4 d5 3. exd5 cxd5 4. c4 Nf6 5. Nc3 e6 6. Nf3 Bb4 7. Bd3 dxc4 8.
Bxc4 O-O 9. O-O b6 10. Bg5 Bb7 11. Rc1 Nc6 12. a3 Be7 13. Qd3 h6 14. Bf4 Bd6
15. Be5 Bc7 16. Rfd1 Nxe5 17. Nxe5 Qe7 18. Ba6 Rad8 19. f4 Ba8 20. Qe3 Bb8 21.
Bd3 Bb7 22. Bb1 a6 23. Rd2 Rc8 24. Re1 Rfe8 25. g4 Bxe5 26. fxe5 Nd5 27. Nxd5
Bxd5 28. Qg3 Qg5 29. Rde2 h5 30. gxh5 Qh6 31. h4 Qxh5 32. Rf2 Rc4 33. Rf4 Rec8
34. Ref1 Rc1 35. Bd3 b5 36. Qg5 Bf3 37. Kf2 Rxf1+ 38. Bxf1 1/2-1/2

[Event "7MCR_4D_1L_4S"]
[Site "?"]
[Date "2006.??.??"]
[Round "?"]
[White "Stika, Vaclav"]
[Black "Bares, Jiri"]
[Result "1/2-1/2"]
[WhiteElo "2142"]
[BlackElo "2211"]
[PlyCount "113"]
[EventDate "2006.??.??"]
[EventType "corr"]

1. e4 c5 2. Nf3 d6 3. d4 cxd4 4. Nxd4 Nf6 5. Nc3 a6 6. Bg5 e6 7. f4 Qb6 8. Nb3
Be7 9. Qf3 Nbd7 10. O-O-O Qc7 11. Qg3 b5 12. Bxf6 Bxf6 13. Bxb5 axb5 14. Nxb5
Qb8 15. Nxd6+ Kf8 16. e5 Be7 17. a3 h5 18. Rd4 g6 19. Qd3 Ba6 20. Qe4 Ra7 21.
Rhd1 Nb6 22. Rb4 Qc7 23. Qd4 Nd5 24. Ra4 Nb6 25. Ra5 Kg7 26. Nc5 Be2 27. Rxa7
Qxa7 28. Rd2 Bf1 29. Qf2 Ba6 30. Nd7 Bd8 31. Nf6 Qb8 32. Qc5 Na4 33. Qd4 Ba5
34. Qxa4 Bxd2+ 35. Kxd2 Qb6 36. b3 Rb8 37. Nfe8+ Kf8 38. Kc1 Bd3 39. Nf6 Kg7
40. b4 Qe3+ 41. Kb1 Qg1+ 42. Kb2 Qd4+ 43. Ka2 Bc4+ 44. Nxc4 Qxc4+ 45. Qb3 Qxf4
46. g3 Qd2 47. Qd3 Qxh2 48. Kb3 h4 49. gxh4 Qxh4 50. c3 Qe1 51. a4 Rh8 52. a5
Qxe5 53. Nd7 Qf5 54. Qd4+ f6 55. Qd6 g5 56. a6 g4 57. Ka4 1/2-1/2

[Event "7MCR_4D_1L_4S"]
[Site "?"]
[Date "2006.??.??"]
[Round "?"]
[White "Stika, Vaclav"]
[Black "Binas, Jindrich"]
[Result "1/2-1/2"]
[WhiteElo "2142"]
[BlackElo "2079"]
[PlyCount "79"]
[EventDate "2006.??.??"]
[EventType "corr"]

1. e4 c5 2. Nf3 Nc6 3. d4 cxd4 4. Nxd4 Nf6 5. Nc3 e5 6. Ndb5 d6 7. Bg5 a6 8.
Na3 b5 9. Bxf6 gxf6 10. Nd5 f5 11. Bd3 Be6 12. O-O Bxd5 13. exd5 Ne7 14. Qh5 e4
15. Be2 Bg7 16. Rab1 O-O 17. c4 bxc4 18. Bxc4 f4 19. Kh1 Ng6 20. f3 exf3 21.
Qxf3 Qg5 22. b3 Nh4 23. Qh3 Rfe8 24. Nc2 h6 25. Rf2 Ng6 26. Rbf1 Be5 27. Ne1
Bg7 28. Nf3 Qd8 29. g3 fxg3 30. Qxg3 Re3 31. Qg1 Qe8 32. Nd2 Ra7 33. Rg2 Kh8
34. Nf3 a5 35. Ne1 Rb7 36. Ba6 Rc7 37. Nf3 Rcc3 38. Nd2 Bd4 39. Rg4 Bc5 40. Qf2
1/2-1/2

[Event "7MCR_4D_1L_4S"]
[Site "?"]
[Date "2006.??.??"]
[Round "?"]
[White "Stika, Vaclav"]
[Black "Chvojka, Jaroslav"]
[Result "1/2-1/2"]
[WhiteElo "2142"]
[BlackElo "2261"]
[PlyCount "37"]
[EventDate "2006.??.??"]
[EventType "corr"]

1. e4 e5 2. Nf3 Nc6 3. Bb5 a6 4. Ba4 Nf6 5. O-O Nxe4 6. d4 b5 7. Bb3 d5 8. dxe5
Be6 9. c3 Bc5 10. Nbd2 O-O 11. Qe2 Bf5 12. Nxe4 dxe4 13. Ng5 Nxe5 14. Nxe4 Bg4
15. Qc2 Bf5 16. Qe2 Bg4 17. Qc2 Bf5 18. Qe2 Bg4 19. Qc2 1/2-1/2